Statistics for Wood Working Tools

Click here to take the quiz!

General Stats

  • This quiz has been taken 90 times
  • The average score is 6 of 15

Answer Stats

Answer% Correct
Hammer
100%
Chain Saw
65%
Saw
61%
Screws
61%
Wood Glue
57%
Vice
54%
Nails
51%
Jig Saw
45%
Chisels
42%
Table Saw
41%
Circular Saw
36%
Hand Saw
29%
Wood Clamp
6%
Vinyl Veneer
1%
Wood Planes
1%

Score Distribution

Percentile by Number Answered

Percent of People with Each Score

Your Score History

You have not taken this quiz